000
00309nam a22001337a 4500
003
SGT
020
_a
978-1-4129-1889-3
082
_a
371.9046
_b
RAY
100
_a
RAYNER, STEVE
245
_a
MANAGING SPECIAL AND INCLUSIVE EDUCATION
260
_a
INDIA
_b
SAGE PUB.
_c
2007
300
_a
215
942
_2
ddc
_c
BK
999
_c
21780
_d
21780